| Tag |
First Indicator |
Second Indicator |
Subfields |
| LEADER |
00000cam a22000007a 4500 |
| 001 |
in00000006758 |
| 005 |
20150930090033.0 |
| 008 |
991011s1999 xxu f000 0 eng d |
| 035 |
|
|
|a (OCoLC)
|
| 035 |
|
|
|a tmp97158946
|
| 035 |
|
|
|9 AJL1575AM
|
| 040 |
|
|
|a MvI
|c MvI
|d UtOrBLW
|
| 049 |
|
|
|a UDOC
|
| 074 |
|
|
|a 0910-D
|
| 086 |
0 |
|
|a SI 1.27:604
|
| 245 |
0 |
0 |
|a Catalog of Type Specimens of Recent Fishes in the National Museum of Natural History, Smithsonian Institution, 9: Family Poeciliidae, (Teleostei: Cyprinodontiformes), No. 604, 1999.
|
| 264 |
|
1 |
|a [Place of publication not identified] :
|b [publisher not identified],
|c [1999?]
|
| 336 |
|
|
|a text
|b txt
|2 rdacontent
|
| 337 |
|
|
|a unmediated
|b n
|2 rdamedia
|
| 338 |
|
|
|a volume
|b nc
|2 rdacarrier
|
| 500 |
|
|
|a Shipping List #: 99-0376-P
|
| 500 |
|
|
|a Shipping List Date: 09/19/99
|
| 710 |
2 |
|
|a Smithsonian Institution.
|
| 999 |
|
|
|a MARS
|
| 999 |
f |
f |
|s dfb064fa-ebae-337e-9995-e3d3da91c3da
|i 723a2cde-c6bd-3512-9e99-4fabf928f3a9
|t 0
|
| 952 |
f |
f |
|p normal
|a Texas A&M University
|b College Station
|c Sterling C. Evans Library
|d Evans: US Documents (Annex 5th floor)
|t 0
|e SI 1.27:598-604
|h Superintendent of Documents classification
|i unmediated -- volume
|m A14826157181
|
| 952 |
f |
f |
|a Texas A&M University
|b College Station
|c Sterling C. Evans Library
|d Evans: US Documents (Annex 5th floor)
|t 0
|e SI 1.27:598-604
|h Superintendent of Documents classification
|
| 998 |
f |
f |
|a SI 1.27:598-604
|t 0
|l Evans: US Documents (Annex 5th floor)
|